[Event "UKR-ch"]
[Site "Simferopol UKR"]
[Date "2003.11.09"]
[Round "6"]
[White "Yastreb, Konstantin"]
[Black "Golubka, Petro"]
[Result "0-1"]
[WhiteElo "2338"]
[BlackElo "2260"]
[WhiteFideId "-1"]
[BlackFideId "-1"]
[PlyCount "104"]
[GameId "2129405131504546"]
[EventDate "2003.11.04"]
[EventType "swiss"]
[EventRounds "9"]
[EventCountry "UKR"]
[SourceTitle "The Week in Chess 476"]
[Source "Mark Crowther"]
[SourceDate "2003.12.22"]
[SourceVersion "1"]
[SourceVersionDate "2003.12.22"]
[SourceQuality "2"]

1. e4 c5 2. Nf3 d6 3. d4 cxd4 4. Nxd4 Nf6 5. Nc3 a6 6. Be2 e6 7. O-O Be7 8. f4 O-O 9. Be3 Nc6 10. Kh1 Qc7 11. a4 Bd7 12. Nb3 b6 13. Bf3 Bc8 14. Qe1 Bb7 15. Qg3 Kh8 16. Nd4 Nd7 17. Rad1 Nxd4 18. Bxd4 e5 19. Be3 Bc6 20. Be2 Nf6 21. fxe5 dxe5 22. Bd3 Rad8 23. Bg5 b5 24. axb5 axb5 25. Qh4 Ng8 26. Ne2 f6 27. Bd2 f5 28. Qg3 fxe4 29. Rxf8 Rxf8 30. Nd4 Bh4 31. Qxh4 exd3 32. Qg3 dxc2 33. Nxc2 Bxg2+ 34. Qxg2 Qxc2 35. Rg1 Qc7 36. Bb4 Re8 37. Bd6 Qd7 38. b4 Nh6 39. Bc5 Nf5 40. Qe4 Qe6 41. Rd1 Qg6 42. Re1 h5 43. Bf2 Kh7 44. Qd5 e4 45. Qxb5 e3 46. Bg3 h4 47. Bc7 h3 48. Qd5 Re4 49. Rg1 Rg4 50. Bg3 e2 51. b5 Rxg3 52. hxg3 Nxg3+ 0-1

[Event "UKR-ch"]
[Site "Simferopol UKR"]
[Date "2003.11.11"]
[Round "8"]
[White "Golubka, Petro"]
[Black "Papenin, Nikolai"]
[Result "0-1"]
[WhiteElo "2260"]
[BlackElo "2388"]
[WhiteFideId "-1"]
[BlackFideId "-1"]
[PlyCount "66"]
[GameId "2129405131504619"]
[EventDate "2003.11.04"]
[EventType "swiss"]
[EventRounds "9"]
[EventCountry "UKR"]
[SourceTitle "The Week in Chess 476"]
[Source "Mark Crowther"]
[SourceDate "2003.12.22"]
[SourceVersion "1"]
[SourceVersionDate "2003.12.22"]
[SourceQuality "2"]

1. e4 c5 2. Nf3 d6 3. d4 cxd4 4. Nxd4 Nf6 5. Nc3 Nc6 6. Bc4 Qb6 7. Nxc6 bxc6 8. O-O g6 9. b3 Bg7 10. Bb2 O-O 11. Qe2 Bg4 12. Qe1 Qc7 13. h3 Bc8 14. Rd1 Bb7 15. Na4 e5 16. Qe3 Rad8 17. Rfe1 Bc8 18. Be2 Nh5 19. Bxh5 gxh5 20. Qg5 f5 21. Qxh5 fxe4 22. Rxe4 Bf5 23. Rc4 d5 24. Rc5 Rd6 25. Qe2 e4 26. Bd4 Bxd4 27. Rxd4 Qg7 28. Qd2 Bxh3 29. g3 Rdf6 30. c3 Rf3 31. Rxe4 Rxg3+ 32. Kh2 Rg2+ 33. Kxh3 Rf3+ 0-1

[Event "UKR-ch"]
[Site "Simferopol UKR"]
[Date "2003.11.12"]
[Round "9"]
[White "Biliy, Vadim"]
[Black "Golubka, Petro"]
[Result "1-0"]
[WhiteElo "2422"]
[BlackElo "2260"]
[WhiteFideId "-1"]
[BlackFideId "-1"]
[PlyCount "153"]
[GameId "2129405131504664"]
[EventDate "2003.11.04"]
[EventType "swiss"]
[EventRounds "9"]
[EventCountry "UKR"]
[SourceTitle "The Week in Chess 476"]
[Source "Mark Crowther"]
[SourceDate "2003.12.22"]
[SourceVersion "1"]
[SourceVersionDate "2003.12.22"]
[SourceQuality "2"]

1. e4 c5 2. Nf3 d6 3. d4 cxd4 4. Nxd4 Nf6 5. Nc3 a6 6. Be3 Ng4 7. Bc1 Nf6 8. Bd3 Nc6 9. Nxc6 bxc6 10. O-O g6 11. Bg5 Bg7 12. Qd2 O-O 13. Bh6 Qb6 14. Bxg7 Kxg7 15. b3 Be6 16. a4 a5 17. Rae1 Nd7 18. Kh1 f6 19. f4 Qb4 20. Nb1 Qc5 21. Qe2 Rab8 22. Nd2 Rb4 23. Bc4 Bf7 24. Qe3 Qxe3 25. Rxe3 e6 26. Bb5 cxb5 27. c3 bxa4 28. cxb4 axb4 29. bxa4 Ra8 30. Rd3 e5 31. Rxd6 Nc5 32. fxe5 fxe5 33. Rc6 Ne6 34. Ra1 Nd4 35. Rc7 Kg8 36. Nf3 b3 37. Nxd4 exd4 38. Rb7 d3 39. Kg1 Rd8 40. Kf2 d2 41. Rd1 Bc4 42. Rb4 Rd4 43. Ke3 Rd3+ 44. Kf4 Ba6 45. a5 g5+ 46. Kxg5 Rd7 47. Rb8+ Kg7 48. Rxb3 Be2 49. Rbb1 h6+ 50. Kf4 Rd3 51. a6 Bxd1 52. Rxd1 Kf6 53. e5+ Ke6 54. a7 Rd4+ 55. Ke3 Ra4 56. Rxd2 Kxe5 57. Rd7 Ra3+ 58. Kf2 Kf6 59. Ke2 Kg5 60. Kd2 h5 61. Kc2 h4 62. h3 Kf4 63. Kb2 Ra6 64. Kb3 Kg3 65. Rg7+ Kh2 66. Kb4 Ra1 67. Kb5 Rb1+ 68. Kc6 Rc1+ 69. Kb7 Rb1+ 70. Kc8 Rc1+ 71. Kb8 Rb1+ 72. Rb7 Rxb7+ 73. Kxb7 Kxg2 74. a8=Q Kxh3 75. Qg8 Kh2 76. Qg4 h3 77. Kc6 1-0

[Event "Bhubaneswar op-A"]
[Site "Bhubaneswar IND"]
[Date "2026.05.25"]
[Round "3"]
[White "Visakh, Narayanan Rajeswari"]
[Black "Golubka, Petro"]
[Result "1/2-1/2"]
[WhiteElo "2532"]
[BlackElo "2336"]
[WhiteFideId "-1"]
[BlackFideId "-1"]
[PlyCount "70"]
[GameId "2313782633561903"]
[EventDate "2026.05.23"]
[EventType "swiss"]
[EventRounds "10"]
[EventCountry "IND"]
[SourceTitle "Mega2026 Update 31"]
[Source "Chessbase"]
[SourceDate "2026.06.04"]
[SourceVersion "1"]
[SourceVersionDate "2026.06.04"]
[SourceQuality "1"]

1. d4 d5 2. c4 e6 3. Nf3 Nf6 4. Nc3 a6 5. cxd5 exd5 6. Qb3 Nc6 7. Bg5 Bb4 8. e3 Bf5 9. Be2 Qd6 10. a3 Bxc3+ 11. bxc3 b5 12. Bxf6 gxf6 13. a4 O-O 14. O-O Na5 15. Qd1 Nc4 16. Nh4 Bg6 17. Ra2 c6 18. Qa1 Nb6 19. a5 Nc4 20. Bxc4 dxc4 21. Nxg6 hxg6 22. e4 Rae8 23. Re2 f5 24. Rfe1 fxe4 25. Rxe4 Rxe4 26. Rxe4 c5 27. h4 cxd4 28. Rxd4 Qe5 29. Qd1 Kg7 30. g3 Re8 31. Kg2 Re6 32. Qd2 Qf5 33. Rf4 Qc5 34. Qd4+ Qxd4 35. Rxd4 Re2 1/2-1/2

[Event "Bhubaneswar op-A"]
[Site "Bhubaneswar IND"]
[Date "2026.05.25"]
[Round "4"]
[White "Aronyak, Ghosh"]
[Black "Golubka, Petro"]
[Result "1/2-1/2"]
[WhiteElo "2541"]
[BlackElo "2336"]
[WhiteFideId "-1"]
[BlackFideId "-1"]
[PlyCount "115"]
[GameId "2313782633570123"]
[EventDate "2026.05.23"]
[EventType "swiss"]
[EventRounds "10"]
[EventCountry "IND"]
[SourceTitle "Mega2026 Update 31"]
[Source "Chessbase"]
[SourceDate "2026.06.04"]
[SourceVersion "1"]
[SourceVersionDate "2026.06.04"]
[SourceQuality "1"]

1. d4 d5 2. c4 e6 3. Nc3 a6 4. cxd5 exd5 5. Nf3 Nf6 6. Bg5 Be6 7. e3 Nbd7 8. Bf4 c5 9. dxc5 Bxc5 10. Be2 Bb4 11. Qd4 Qb6 12. O-O O-O 13. Rfc1 Rfc8 14. a3 Qxd4 15. Nxd4 Bxc3 16. bxc3 b5 17. a4 bxa4 18. Rxa4 a5 19. Rca1 Ne4 20. Rxa5 Rxa5 21. Rxa5 g5 22. f3 gxf4 23. fxe4 dxe4 24. exf4 Rxc3 25. Ra8+ Nf8 26. Nxe6 fxe6 27. Kf2 Kf7 28. Ra7+ Kg8 29. g3 Ng6 30. Bg4 Nf8 31. Re7 Rc2+ 32. Be2 Rb2 33. Ke3 Rc2 34. Rb7 Ng6 35. Bd1 Rxh2 36. Bb3 Nf8 37. f5 Rg2 38. Kf4 Kh8 39. Bxe6 e3 40. Bd5 Rd2 41. Rb8 Rxd5 42. Rxf8+ Kg7 43. Re8 Rd4+ 44. Kxe3 Rg4 45. Kf3 h5 46. Re6 Rg5 47. Kf4 Rg4+ 48. Ke5 Rxg3 49. Re7+ Kh6 50. f6 Ra3 51. Kf4 Kg6 52. f7 Kg7 53. Re5 Ra4+ 54. Kg3 h4+ 55. Kh3 Kxf7 56. Rh5 Kg6 57. Rxh4 Rxh4+ 58. Kxh4 1/2-1/2

[Event "Bhubaneswar op-A"]
[Site "Bhubaneswar IND"]
[Date "2026.05.26"]
[Round "5"]
[White "Golubka, Petro"]
[Black "Aadik, Theophane Lenin"]
[Result "0-1"]
[WhiteElo "2336"]
[BlackElo "2117"]
[WhiteFideId "-1"]
[BlackFideId "-1"]
[PlyCount "78"]
[GameId "2316327585021283"]
[EventDate "2026.05.23"]
[EventType "swiss"]
[EventRounds "10"]
[EventCountry "IND"]
[SourceTitle "Mega2026 Update 31"]
[Source "Chessbase"]
[SourceDate "2026.06.04"]
[SourceVersion "1"]
[SourceVersionDate "2026.06.04"]
[SourceQuality "1"]

1. e4 c5 2. Nf3 d6 3. d4 cxd4 4. Nxd4 Nf6 5. Nc3 Nc6 6. Bg5 e6 7. Qd2 a6 8. O-O-O Bd7 9. f3 Nxd4 10. Qxd4 Be7 11. h4 Qc7 12. Kb1 b5 13. Qd2 b4 {13...h6 is the hot move. 13...h6 ist der hippe Zug.} 14. Ne2 a5 15. Nd4 O-O 16. g4 Rfc8 17. Bd3 a4 18. Rc1 a3 $146 (18... Rab8 19. Be3 a3 20. b3 Qc3 21. Qxc3 Rxc3 22. Bd2 Rcc8 23. c4 bxc3 24. Rxc3 Bf8 25. Rxc8 Rxc8 {1-0 Fedorchuk,S (2617)-Navrotescu,A (2313) Paris Barreau 3rd 2022 (1)}) 19. b3 Qa5 20. Ne2 Bb5 21. c3 Bxd3+ 22. Qxd3 h6 23. Bd2 d5 24. g5 dxe4 25. fxe4 Rd8 26. Nd4 e5 27. gxf6 Bxf6 28. Bxh6 exd4 29. cxb4 Qxb4 30. Bg5 Qe7 31. Bd2 Rac8 32. Rxc8 Rxc8 33. h5 Bg5 34. Re1 Bxd2 35. Qxd2 Qe5 36. h6 d3 37. Qg2 g6 38. Qf2 Rc2 39. h7+ Kf8 0-1

[Event "Bhubaneswar op-A"]
[Site "Bhubaneswar IND"]
[Date "2026.05.28"]
[Round "8"]
[White "Golubka, Petro"]
[Black "Shounak, Mazumder"]
[Result "1-0"]
[WhiteElo "2336"]
[BlackElo "1896"]
[WhiteFideId "-1"]
[BlackFideId "-1"]
[PlyCount "83"]
[GameId "2316327585062311"]
[EventDate "2026.05.23"]
[EventType "swiss"]
[EventRounds "10"]
[EventCountry "IND"]
[SourceTitle "Mega2026 Update 31"]
[Source "Chessbase"]
[SourceDate "2026.06.04"]
[SourceVersion "1"]
[SourceVersionDate "2026.06.04"]
[SourceQuality "1"]

1. d4 d5 2. Nc3 Nf6 3. Bg5 h6 4. Bh4 e6 5. Bxf6 Qxf6 6. e4 dxe4 7. Nxe4 Qd8 8. Nf3 Be7 9. Bb5+ c6 10. Bd3 Nd7 11. Qe2 Qa5+ 12. c3 O-O 13. O-O Qc7 14. Rad1 c5 15. a3 a6 16. dxc5 Nxc5 17. Nxc5 Qxc5 18. Qe4 g6 19. Ne5 f5 20. Qe2 Kg7 21. Bc4 Bd6 22. Nf3 Re8 23. Rfe1 b5 24. Ba2 Ra7 25. Qd3 Rd7 26. Nd4 Be5 27. Qe3 Bxd4 28. cxd4 Qd6 29. h4 Rc7 30. Rc1 Rxc1 31. Rxc1 Bb7 32. Rc5 Re7 33. Re5 Kf7 34. h5 Bc8 35. Qxh6 gxh5 36. Rxf5+ Ke8 37. Rd5 Qc7 38. Qh8+ Kf7 39. Rf5+ Kg6 40. Qf6+ Kh7 41. Rxh5+ Kg8 42. Rh8# 1-0

[Event "Bhubaneswar op-A"]
[Site "Bhubaneswar IND"]
[Date "2026.05.29"]
[Round "9"]
[White "Harsh, Suresh"]
[Black "Golubka, Petro"]
[Result "1/2-1/2"]
[WhiteElo "2435"]
[BlackElo "2336"]
[WhiteFideId "-1"]
[BlackFideId "-1"]
[PlyCount "47"]
[GameId "2316327585070513"]
[EventDate "2026.05.23"]
[EventType "swiss"]
[EventRounds "10"]
[EventCountry "IND"]
[SourceTitle "Mega2026 Update 31"]
[Source "Chessbase"]
[SourceDate "2026.06.04"]
[SourceVersion "1"]
[SourceVersionDate "2026.06.04"]
[SourceQuality "1"]

1. e4 e5 2. Nf3 Nf6 3. Nxe5 d6 4. Nf3 Nxe4 5. Nc3 Nf6 6. d4 Be7 7. h3 O-O 8. Bd3 c6 9. O-O Na6 10. a3 Nc7 11. Re1 Re8 12. Ne2 b5 13. Ng3 Bf8 14. Rxe8 Qxe8 15. b3 h6 16. Bb2 Rb8 17. Qd2 Qd8 18. Nf5 Ncd5 19. Re1 Nh5 20. g3 b4 21. N3h4 a5 22. Kh2 Bd7 23. Qd1 Nhf6 24. Qf3 1/2-1/2

[Event "Bhubaneswar op-A"]
[Site "Bhubaneswar IND"]
[Date "2026.05.30"]
[Round "10"]
[White "Golubka, Petro"]
[Black "Anuj, Shrivatri"]
[Result "1/2-1/2"]
[WhiteElo "2336"]
[BlackElo "2478"]
[WhiteFideId "-1"]
[BlackFideId "-1"]
[PlyCount "102"]
[GameId "2316327585082829"]
[EventDate "2026.05.23"]
[EventType "swiss"]
[EventRounds "10"]
[EventCountry "IND"]
[SourceTitle "Mega2026 Update 31"]
[Source "Chessbase"]
[SourceDate "2026.06.04"]
[SourceVersion "1"]
[SourceVersionDate "2026.06.04"]
[SourceQuality "1"]

1. d4 Nf6 2. c4 e6 3. Nf3 d5 4. Bg5 h6 5. Bxf6 Qxf6 6. Nc3 c6 7. e3 Nd7 8. Rc1 g6 9. Bd3 dxc4 10. Bxc4 Bg7 11. O-O O-O 12. b4 Qe7 13. Qb3 e5 14. Rfe1 e4 15. Nd2 Nf6 16. b5 Bf5 17. bxc6 bxc6 18. Be2 Rac8 19. Na4 h5 20. Rc5 h4 21. h3 Rb8 22. Qd1 Rfc8 23. Nc4 Nd7 24. Ra5 Nb6 25. Nc5 Rd8 26. Nd2 Nd5 27. Bg4 Bxg4 28. Qxg4 Rb2 29. Ndb3 Nc3 30. Na4 Nxa4 31. Rxa4 Kh7 32. Qd1 Qf6 33. Rf1 Rd5 34. Nd2 Qe6 35. Qc1 Rbb5 36. Qc2 c5 37. Qxe4 cxd4 38. Qxh4+ Rh5 39. Qe4 Rbe5 40. Qg4 dxe3 41. Qxe6 fxe6 42. fxe3 Ra5 43. Rxa5 Rxa5 44. Rf7 Rxa2 45. Ne4 Kg8 46. Re7 Bh6 47. Rxe6 Bxe3+ 48. Kf1 Kf7 49. Re5 Bb6 50. h4 Ra5 51. Rxa5 Bxa5 1/2-1/2

[Event "Voivoda Cup IM"]
[Site "Legnica POL"]
[Date "2026.05.09"]
[Round "1"]
[White "Golubka, Petro"]
[Black "Lukasiewicz, Krzysztof"]
[Result "1-0"]
[WhiteElo "2336"]
[BlackElo "2322"]
[WhiteFideId "-1"]
[BlackFideId "-1"]
[PlyCount "71"]
[GameId "2308677025753926"]
[EventDate "2026.05.09"]
[EventType "tourn"]
[EventRounds "9"]
[EventCountry "POL"]
[SourceTitle "Mega2026 Update 29"]
[Source "Chessbase"]
[SourceDate "2026.05.22"]
[SourceVersion "1"]
[SourceVersionDate "2026.05.22"]
[SourceQuality "1"]

1. e4 c6 2. d4 d5 3. e5 Bf5 4. Nd2 e6 5. Nb3 a6 6. Be3 Nd7 7. f4 Rc8 8. Nf3 h5 9. Be2 c5 10. dxc5 Nxc5 11. Nfd4 Be4 12. O-O g6 13. Nd2 Nh6 14. Nxe4 Nxe4 15. c4 dxc4 16. Qc2 Nc5 17. Qxc4 Nd7 18. Qb3 Bc5 19. Kh1 Ng4 20. Bg1 Qb6 21. Rac1 O-O 22. Rxc5 Qxc5 23. h3 Ngxe5 24. fxe5 Qxe5 25. Qxb7 Nc5 26. Qb4 Ne4 27. Bh2 Ng3+ 28. Bxg3 Qxg3 29. Bxa6 Rb8 30. Bb5 g5 31. a4 g4 32. Ne2 Qe5 33. hxg4 Rfc8 34. Qf4 Rxb5 35. Qxf7+ Kh8 36. Nf4 1-0

[Event "Voivoda Cup IM"]
[Site "Legnica POL"]
[Date "2026.05.10"]
[Round "2"]
[White "Gibala, Adam"]
[Black "Golubka, Petro"]
[Result "1/2-1/2"]
[WhiteElo "2366"]
[BlackElo "2336"]
[WhiteFideId "-1"]
[BlackFideId "-1"]
[PlyCount "126"]
[GameId "2308677025753928"]
[EventDate "2026.05.09"]
[EventType "tourn"]
[EventRounds "9"]
[EventCountry "POL"]
[SourceTitle "Mega2026 Update 29"]
[Source "Chessbase"]
[SourceDate "2026.05.22"]
[SourceVersion "1"]
[SourceVersionDate "2026.05.22"]
[SourceQuality "1"]

1. e4 e5 2. Nf3 Nf6 3. d4 Nxe4 4. dxe5 d5 5. Nbd2 Bf5 6. Nb3 Qd7 7. Be3 c5 8. c4 d4 9. Bf4 Nc6 10. Bd3 g5 11. Nxg5 Nxg5 12. Bxg5 Nb4 13. Bb1 Bxb1 14. Rxb1 Qf5 15. f4 Qe4+ 16. Kf1 h6 17. Bh4 Qxf4+ 18. Bf2 Qf5 19. Nd2 O-O-O 20. Qf3 Qe6 21. Bg3 h5 22. a3 Nc2 23. Qf6 Ne3+ 24. Ke2 Qxf6 25. exf6 h4 26. Bf2 Ng4 27. Rbf1 Bh6 28. Nf3 d3+ 29. Kd1 Be3 30. Bxh4 Bd4 31. Kd2 Bxb2 32. h3 Nxf6 33. Rb1 Ne4+ 34. Ke3 Bf6 35. Kxe4 Bxh4 36. Rhd1 Bg3 37. Rb3 Rhe8+ 38. Kf5 Re3 39. h4 Rd6 40. Kg4 Bf2 41. Rd2 Be1 42. Rd1 Ba5 43. Kf4 Re2 44. Rbxd3 Rxd3 45. Rxd3 Rxg2 46. h5 Bd8 47. Rd5 b6 48. h6 Rg6 49. Rh5 Bf6 50. Ne5 Rg1 51. Nxf7 Kd7 52. h7 Ke7 53. h8=Q Bxh8 54. Nxh8 Kf6 55. Rh7 Rc1 56. Rf7+ Ke6 57. Rxa7 Rxc4+ 58. Ke3 b5 59. Ng6 b4 60. Nf4+ Kd6 61. Ra6+ Kc7 62. Ne6+ Kb7 63. Nxc5+ Rxc5 1/2-1/2

[Event "Voivoda Cup IM"]
[Site "Legnica POL"]
[Date "2026.05.10"]
[Round "3"]
[White "Golubka, Petro"]
[Black "Komendecki, Antoni"]
[Result "1/2-1/2"]
[WhiteElo "2336"]
[BlackElo "2118"]
[WhiteFideId "-1"]
[BlackFideId "-1"]
[PlyCount "75"]
[GameId "2308677025758031"]
[EventDate "2026.05.09"]
[EventType "tourn"]
[EventRounds "9"]
[EventCountry "POL"]
[SourceTitle "Mega2026 Update 29"]
[Source "Chessbase"]
[SourceDate "2026.05.22"]
[SourceVersion "1"]
[SourceVersionDate "2026.05.22"]
[SourceQuality "1"]

1. e4 d5 2. exd5 Qxd5 3. Nc3 Qa5 4. d4 Nf6 5. Nf3 Bf5 6. Bd2 e6 {seems to push 6...c6 aside. setzt sich inzwischen gegen 6...c6 durch.} 7. Nb5 Qb6 8. a4 c6 9. a5 Qd8 10. Na3 Be4 $146 (10... Be7 11. Nc4 O-O 12. c3 Nbd7 13. Be2 c5 14. O-O Rc8 15. Nfe5 cxd4 16. cxd4 Ne4 {1-0 Kraiouchkine,N (2218)-Tristan,L (2513) Titled Tuesday intern op 26th Dec Late Chess.com INT blitz 2023 (8)}) 11. Bc3 b5 12. Bd2 b4 13. Nc4 Bxf3 14. Qxf3 Qxd4 15. O-O-O Qc5 16. Be2 Nd5 17. h4 Nd7 18. g4 Be7 19. g5 f5 20. gxf6 Bxf6 21. Qe4 O-O-O 22. h5 h6 23. Rh3 Qe7 24. Bg4 Kb8 25. Bf4+ e5 26. Be3 Bg5 27. Bxd7 Nxe3 28. fxe3 Rxd7 29. Nxe5 Rxd1+ 30. Kxd1 Qd6+ 31. Ke2 Kc7 32. Nf7 Qd7 33. Qe5+ Kb7 34. Nxg5 hxg5 35. Qxg5 Rd8 36. Kf2 Rf8+ 37. Ke1 Rd8 38. Kf2 1/2-1/2

[Event "Voivoda Cup IM"]
[Site "Legnica POL"]
[Date "2026.05.11"]
[Round "4"]
[White "Sabuk, Piotr"]
[Black "Golubka, Petro"]
[Result "0-1"]
[WhiteElo "2335"]
[BlackElo "2336"]
[WhiteFideId "-1"]
[BlackFideId "-1"]
[PlyCount "142"]
[GameId "2308600102305792"]
[EventDate "2026.05.09"]
[EventType "tourn"]
[EventRounds "9"]
[EventCountry "POL"]
[SourceTitle "Mega2026 Update 29"]
[Source "Chessbase"]
[SourceDate "2026.05.22"]
[SourceVersion "1"]
[SourceVersionDate "2026.05.22"]
[SourceQuality "1"]

1. Nf3 Nf6 2. c4 e6 3. g3 b6 4. Bg2 Bb7 5. O-O Be7 6. Nc3 Ne4 7. Nxe4 Bxe4 8. d3 Bb7 9. e4 c5 10. Re1 O-O 11. d4 cxd4 12. Nxd4 a6 13. b3 d6 14. Bb2 Nd7 15. Qe2 Qc7 16. Rad1 Rfe8 17. Kh1 Bf6 18. Nf3 Rad8 19. h3 Bxb2 20. Qxb2 Nc5 21. Nd4 g6 22. Qc1 Qe7 23. h4 e5 24. Nc2 a5 25. Qe3 Bc6 26. a3 Qc7 27. b4 axb4 28. axb4 Ne6 29. Ra1 Ra8 30. Qh6 Qe7 31. Kh2 Qf6 32. Qd2 Qe7 33. Red1 Ba4 34. Rxa4 Rxa4 35. Ne3 Rea8 36. Nd5 Qd8 37. Qe3 Rb8 38. Qb3 Ra6 39. Bf1 Ra7 40. Qe3 Kg7 41. Bh3 Ra2 42. Kg2 Rba8 43. Rd3 Rb2 44. Bxe6 fxe6 45. Nc3 Qc7 46. Nb5 Qxc4 47. Nxd6 Qa2 48. Qf3 Qa7 49. Ra3 Qxa3 50. Qf7+ Kh6 51. Qf6 Qe3 52. Nf7+ Kh5 53. Kh3 Ra1 54. Qxe5+ g5 55. Qxb2 Rh1+ 56. Kg2 Qxe4+ 57. f3 Qe1 58. g4+ Kxh4 59. Qf2+ Qxf2+ 60. Kxf2 Rb1 61. Nd8 Rb2+ 62. Ke3 Rxb4 63. Nxe6 h5 64. gxh5 Kxh5 65. f4 g4 66. f5 Rb3+ 67. Ke4 Rf3 68. Nd4 Rf1 69. Ne2 Re1 70. Kd3 Rxe2 71. Kxe2 Kg5 0-1

[Event "Voivoda Cup IM"]
[Site "Legnica POL"]
[Date "2026.05.12"]
[Round "5"]
[White "Golubka, Petro"]
[Black "Juhanak, Daniel"]
[Result "1/2-1/2"]
[WhiteElo "2336"]
[BlackElo "2239"]
[WhiteFideId "-1"]
[BlackFideId "-1"]
[PlyCount "91"]
[GameId "2308967808548864"]
[EventDate "2026.05.09"]
[EventType "tourn"]
[EventRounds "9"]
[EventCountry "POL"]
[SourceTitle "Mega2026 Update 29"]
[Source "Chessbase"]
[SourceDate "2026.05.22"]
[SourceVersion "1"]
[SourceVersionDate "2026.05.22"]
[SourceQuality "1"]

1. e4 e5 2. Nf3 Nc6 3. Bb5 a6 4. Ba4 Nf6 5. Bxc6 dxc6 6. d3 Bd6 7. Nbd2 Nd7 8. h4 Nc5 9. Nc4 Qe7 10. h5 f6 11. Nh4 g5 12. Nf5 Bxf5 13. exf5 O-O-O 14. Be3 e4 15. d4 Be5 16. O-O Qf7 17. b3 g4 18. Qxg4 Rhg8 19. Qh4 Bxd4 20. Rad1 Qg7 21. g3 Bxe3 22. Rxd8+ Rxd8 23. Nxe3 Qe7 24. h6 Rd2 25. Kg2 b5 26. Qg4 Rd8 27. Rh1 Qe5 28. Qg7 Rd7 29. b4 Nb7 30. Qg8+ Nd8 31. c4 Qb2 32. Rd1 Rxd1 33. Nxd1 Qe2 34. Ne3 bxc4 35. Qxh7 Qf3+ 36. Kg1 c3 37. Qg7 c2 38. Nxc2 Qd1+ 39. Kg2 Qxc2 40. h7 e3 41. h8=Q Qxf2+ 42. Kh3 Qf1+ 43. Kh2 Qf2+ 44. Kh3 Qf1+ 45. Kh2 Qf2+ 46. Kh3 1/2-1/2

[Event "Voivoda Cup IM"]
[Site "Legnica POL"]
[Date "2026.05.13"]
[Round "6"]
[White "Krzywda, Andrzej"]
[Black "Golubka, Petro"]
[Result "0-1"]
[WhiteElo "2180"]
[BlackElo "2336"]
[WhiteFideId "-1"]
[BlackFideId "-1"]
[PlyCount "66"]
[GameId "2309316762058752"]
[EventDate "2026.05.09"]
[EventType "tourn"]
[EventRounds "9"]
[EventCountry "POL"]
[SourceTitle "Mega2026 Update 29"]
[Source "Chessbase"]
[SourceDate "2026.05.22"]
[SourceVersion "1"]
[SourceVersionDate "2026.05.22"]
[SourceQuality "1"]

1. e4 e6 2. d4 d5 3. e5 c5 4. c3 Nc6 5. Nf3 Bd7 6. Be2 Nge7 7. O-O Ng6 {7...Nf5 is more advanced technology. 7...Sf5 ist hochmodern.} 8. Be3 Qb6 9. Qd2 Rc8 10. h4 cxd4 11. cxd4 h6 $146 (11... Bb4 12. Nc3 Na5 13. h5 Ne7 14. h6 gxh6 15. Bxh6 Nf5 16. Bg5 Rg8 17. Rab1 Nc6 {1-0 Schelle,A (2209)-Urankar,H (2116) Munich-ch MK 2003 (8)}) 12. h5 Nge7 13. Nc3 Na5 14. b3 Nf5 15. Rac1 Bb4 16. Qb2 O-O 17. Bd3 Bxc3 18. Rxc3 Nc4 19. Bxc4 dxc4 20. Rb1 cxb3 21. Rxb3 Qa5 22. Rxb7 Bc6 23. Qb4 Qa6 24. Rb2 Rfd8 25. Rb5 Bxb5 26. Qxb5 Qxb5 27. Rxb5 Rc2 28. Ra5 Rd7 29. Ra3 Rb7 30. Kh2 Kh7 31. Kh3 Rbc7 32. Nh4 Nxe3 33. fxe3 R2c3 0-1

[Event "Voivoda Cup IM"]
[Site "Legnica POL"]
[Date "2026.05.14"]
[Round "7"]
[White "Golubka, Petro"]
[Black "Achinovich, Oleg"]
[Result "1/2-1/2"]
[WhiteElo "2336"]
[BlackElo "2039"]
[WhiteFideId "-1"]
[BlackFideId "-1"]
[PlyCount "79"]
[GameId "2309597000286208"]
[EventDate "2026.05.09"]
[EventType "tourn"]
[EventRounds "9"]
[EventCountry "POL"]
[SourceTitle "Mega2026 Update 29"]
[Source "Chessbase"]
[SourceDate "2026.05.22"]
[SourceVersion "1"]
[SourceVersionDate "2026.05.22"]
[SourceQuality "1"]

1. d4 d5 2. Nf3 Nf6 3. e3 e6 4. b3 c5 5. Bb2 Nc6 6. Nbd2 Be7 7. Bd3 O-O 8. a3 b6 9. O-O Bb7 10. Qe2 Re8 11. Rad1 Qc7 12. c4 Rad8 13. cxd5 exd5 14. Ne5 Ne4 15. Nxe4 Nxe5 16. Nxc5 Nxd3 17. Nxd3 Bd6 18. Rc1 Qe7 19. h3 Rc8 20. Rfd1 g6 21. a4 Rxc1 22. Rxc1 Rc8 23. Qd1 Rxc1 24. Qxc1 Qe4 25. Ne1 Qe7 26. Nf3 h5 27. Ne5 Kg7 28. Nc6 Bxc6 29. Qxc6 Qe6 30. Qc2 g5 31. Qc1 g4 32. hxg4 hxg4 33. Ba3 Bb8 34. Qd1 Qe4 35. Bb4 a5 36. Be1 Bd6 37. Bd2 Kf6 38. Be1 Kg7 39. Bd2 Kf6 40. Be1 1/2-1/2

[Event "Voivoda Cup IM"]
[Site "Legnica POL"]
[Date "2026.05.14"]
[Round "8"]
[White "Lechowski, Witold"]
[Black "Golubka, Petro"]
[Result "1/2-1/2"]
[WhiteElo "2243"]
[BlackElo "2336"]
[WhiteFideId "-1"]
[BlackFideId "-1"]
[PlyCount "61"]
[GameId "2311222006182343"]
[EventDate "2026.05.09"]
[EventType "tourn"]
[EventRounds "9"]
[EventCountry "POL"]
[SourceTitle "Mega2026 Update 29"]
[Source "Chessbase"]
[SourceDate "2026.05.22"]
[SourceVersion "1"]
[SourceVersionDate "2026.05.22"]
[SourceQuality "1"]

1. d4 d5 2. c4 e6 3. Nf3 Nf6 4. g3 Bb4+ 5. Bd2 Be7 6. Bg2 O-O 7. O-O c6 8. Qc2 a5 9. b3 {9.Rd1 is a critical line. 9.Td1 ist die kritische Fortsetzung.} Nbd7 10. Rd1 h6 11. Nc3 Bb4 $146 (11... b6 12. e4 Ba6 13. e5 Nh7 14. h4 Rc8 15. Bf1 f5 16. exf6 Rxf6 17. Nh2 e5 {1-0 Salem,A (2639)-Tabatabaei,M (2692) Wch Blitz Samarkand 2023 (7)}) 12. a3 Bxc3 13. Bxc3 b6 14. Nd2 Bb7 15. e4 dxe4 16. Nxe4 Qe7 17. Bb2 Rfd8 18. Rd2 c5 19. Nxf6+ Nxf6 20. Bxb7 Qxb7 21. dxc5 Ne4 22. Rxd8+ Rxd8 23. Rd1 Rxd1+ 24. Qxd1 Nxc5 25. b4 axb4 26. axb4 Ne4 27. Qd8+ Kh7 28. Qd3 f5 29. h4 Kg6 30. Qd4 Qc7 31. Kg2 1/2-1/2